Základní anorganický průmysl

Guardado en:
Detalles Bibliográficos
Autor principal: Bulička, Milan
Formato: Libro
Lenguaje:checo
Publicado: Praha Státní nakladatelství technické literatury 1968
Etiquetas: Agregar Etiqueta
Sin Etiquetas, Sea el primero en etiquetar este registro!

MARC

LEADER 00000nam a2200000 4500
001 c122449
005 20221207071351.9
041 0 |a cze 
044 |a CZ 
245 1 0 |a Základní anorganický průmysl  |c Milan Bulička 
264 1 |a Praha  |b Státní nakladatelství technické literatury  |c 1968 
300 |a 679 s. 
100 1 |a Bulička, Milan